| 000 | 01167nam a22004210a 4500 | ||
|---|---|---|---|
| 001 | PT52402 | ||
| 003 | AR-LpoUNG | ||
| 005 | 20210131231518.0 | ||
| 008 | 191001s2013||||ag |||||||||||||||||spa d | ||
| 020 |
_a9789503310878 _c$3 |
||
| 040 |
_aAR-LpoUNG _bspa _cAR-LpoUNG _eaacr |
||
| 041 | _aspa | ||
| 044 | _aag | ||
| 082 | 0 | _a982.065 759his | |
| 100 | 1 |
_aRomano, Silvia _ecoor. |
|
| 245 | 1 | 0 |
_aHistorias recientes de Córdoba : _bpolítica y derechos humanos en la segunda mitad del siglo XX |
| 250 | _a1§ ed. | ||
| 260 |
_aCórdoba : _bUniversidad Nacional de Córdoba, _cnoviembre 2013. |
||
| 300 |
_a396 p. : _btbls., fot. |
||
| 650 | 4 | _aANALISIS HISTORICO | |
| 650 | 4 | _aARGENTINA | |
| 650 | 4 | _aDERECHOS HUMANOS | |
| 650 | 4 | _aDICTADURA | |
| 650 | 4 | _aGOLPES DE ESTADO | |
| 650 | 4 | _aHISTORIA | |
| 650 | 4 | _aHISTORIA POLITICA | |
| 650 | 4 | _aIDENTIDAD CULTURAL | |
| 650 | 4 | _aMOVIMIENTOS ESTUDIANTILES | |
| 650 | 4 | _aTERRORISMO | |
| 650 | 4 | _aUNIVERSIDADES | |
| 651 | 4 | _aArgentina | |
| 653 | _aDESAPARECIDOS | ||
| 653 | _aMEMORIA COLECTIVA | ||
| 653 | _aREPRESION | ||
| 653 | _aTERRORISMO DE ESTADO | ||
| 905 | _a52402 | ||
| 942 | _cLIB | ||
| 999 |
_c10441 _d10441 |
||